|
|
|
|
| LEADER |
00000cam a2200000 ca4500 |
| 001 |
108272193X |
| 003 |
DE-627 |
| 005 |
20240126131705.0 |
| 007 |
tu |
| 008 |
870421m19879999gw ||||| 00| ||ger c |
| 016 |
7 |
|
|a 551257733
|2 DE-101
|
| 035 |
|
|
|a (DE-627)108272193X
|
| 035 |
|
|
|a (DE-576)01272193X
|
| 035 |
|
|
|a (DE-599)DNB551257733
|
| 040 |
|
|
|a DE-627
|b ger
|c DE-627
|e rakwb
|
| 041 |
|
|
|a ger
|
| 044 |
|
|
|c XA-DE
|
| 084 |
|
|
|a 1
|2 ssgn
|
| 084 |
|
|
|a PC 4700
|2 rvk
|0 (DE-625)rvk/135083:
|
| 084 |
|
|
|a PC 4720
|2 rvk
|0 (DE-625)rvk/135084:
|
| 084 |
|
|
|a PI 2760
|2 rvk
|0 (DE-625)rvk/136579:
|
| 100 |
1 |
|
|a Radbruch, Gustav
|d 1878-1949
|0 (DE-588)118597582
|0 (DE-627)135397219
|0 (DE-576)209076305
|4 aut
|
| 109 |
|
|
|a Radbruch, Gustav 1878-1949
|a Radbruch, Gustav Lambert 1878-1949
|a Radbruch, Gustavo 1878-1949
|a Râtoburufu 1878-1949
|a Radbruch, G. 1878-1949
|a Râtoburufu, Gusutâfu 1878-1949
|a Râtoburuffu, G. 1878-1949
|a Radbrukh, Gustav 1878-1949
|a Radbruh, Gustav 1878-1949
|a Raduburuhu, G. 1878-1949
|a Raduburuhu, Kusutàpù Lamberutù 1878-1949
|
| 245 |
1 |
0 |
|a Gesamtausgabe
|c Gustav Radbruch. Hrsg. von Arthur Kaufmann
|
| 264 |
|
1 |
|a Heidelberg
|b Müller, Jurist. Verl.
|c 1987-
|
| 336 |
|
|
|a Text
|b txt
|2 rdacontent
|
| 337 |
|
|
|a ohne Hilfsmittel zu benutzen
|b n
|2 rdamedia
|
| 338 |
|
|
|a Band
|b nc
|2 rdacarrier
|
| 689 |
0 |
0 |
|d s
|0 (DE-588)4048737-4
|0 (DE-627)106189719
|0 (DE-576)20907907X
|a Recht
|2 gnd
|
| 689 |
0 |
|
|5 (DE-627)
|
| 689 |
1 |
0 |
|d s
|0 (DE-588)4048821-4
|0 (DE-627)104253312
|0 (DE-576)209079398
|a Rechtsphilosophie
|2 gnd
|
| 689 |
1 |
|
|5 (DE-627)
|
| 700 |
1 |
|
|a Kaufmann, Arthur
|d 1923-2001
|e Hrsg.
|0 (DE-588)118721267
|0 (DE-627)079502938
|0 (DE-576)161665578
|4 edt
|
| 889 |
|
|
|w (DE-576)468298207
|
| 935 |
|
|
|a mteo
|a IHoeB
|
| 936 |
r |
v |
|a PC 4700
|b Gesammelte Schriften eines Autors
|k Rechtswissenschaft
|k Allgemeines zum juristischen Studium und zur Rechtswissenschaft
|k Festschriften, Sammelwerke
|k Gesammelte Schriften eines Autors
|0 (DE-627)1270884018
|0 (DE-625)rvk/135083:
|0 (DE-576)200884018
|
| 936 |
r |
v |
|a PC 4720
|b Sammelwerke
|k Rechtswissenschaft
|k Allgemeines zum juristischen Studium und zur Rechtswissenschaft
|k Festschriften, Sammelwerke
|k Sammelwerke
|0 (DE-627)1271142279
|0 (DE-625)rvk/135084:
|0 (DE-576)201142279
|
| 936 |
r |
v |
|a PI 2760
|b Quellenschriften
|k Rechtswissenschaft
|k Allgemeine Rechtslehre und Rechtstheorie, Rechts- und Staatsphilosophie, Rechtssoziologie
|k Geschichte der Staats- und Rechtsphilosophie
|k Staats- und Rechtsphilosophie im 20. Jahrhundert und 21. Jahrhundert
|k Quellenschriften
|0 (DE-627)1271266032
|0 (DE-625)rvk/136579:
|0 (DE-576)201266032
|
| 951 |
|
|
|a MC
|
| ELC |
|
|
|b 1
|
| LOK |
|
|
|0 000 xxxxxcx a22 zn 4500
|
| LOK |
|
|
|0 001 2096624126
|
| LOK |
|
|
|0 003 DE-627
|
| LOK |
|
|
|0 004 108272193X
|
| LOK |
|
|
|0 005 20040119000000
|
| LOK |
|
|
|0 008 871026||||||||||||||||ger|||||||
|
| LOK |
|
|
|0 040
|a DE-21
|c DE-627
|d DE-21
|
| LOK |
|
|
|0 852
|a DE-21
|
| LOK |
|
|
|0 852 1
|c 27 A 14248
|9 00
|
| LOK |
|
|
|0 938
|l 33
|8 2
|
| LOK |
|
|
|0 939
|a 26-10-87
|b l01
|
| LOK |
|
|
|0 000 xxxxxcx a22 zn 4500
|
| LOK |
|
|
|0 001 2096624134
|
| LOK |
|
|
|0 003 DE-627
|
| LOK |
|
|
|0 004 108272193X
|
| LOK |
|
|
|0 005 20100202125245
|
| LOK |
|
|
|0 008 901018||||||||||||||||ger|||||||
|
| LOK |
|
|
|0 040
|a DE-21-35
|c DE-627
|d DE-21-35
|
| LOK |
|
|
|0 852
|a DE-21-35
|
| LOK |
|
|
|0 852 1
|c Mm 4.089
|m p
|9 00
|
| LOK |
|
|
|0 935
|a kneu
|
| LOK |
|
|
|0 938
|k p
|
| LOK |
|
|
|0 939
|a 18-10-90
|b l01
|
| LOK |
|
|
|0 000 xxxxxcx a22 zn 4500
|
| LOK |
|
|
|0 001 2096624142
|
| LOK |
|
|
|0 003 DE-627
|
| LOK |
|
|
|0 004 108272193X
|
| LOK |
|
|
|0 005 20140624143212
|
| LOK |
|
|
|0 008 940428||||||||||||||||ger|||||||
|
| LOK |
|
|
|0 040
|a DE-21-24
|c DE-627
|d DE-21-24
|
| LOK |
|
|
|0 689
|a s
|a Radbruch, Gustav
|
| LOK |
|
|
|0 852
|a DE-21-24
|
| LOK |
|
|
|0 852 1
|c A,Ie,53
|m p
|9 00
|
| LOK |
|
|
|0 936ln
|a A,Ie,
|
| LOK |
|
|
|0 938
|k p
|
| LOK |
|
|
|0 939
|a 28-04-94
|b l01
|
| LOK |
|
|
|0 000 xxxxxcx a22 zn 4500
|
| LOK |
|
|
|0 001 2514384605
|
| LOK |
|
|
|0 003 DE-627
|
| LOK |
|
|
|0 004 108272193X
|
| LOK |
|
|
|0 005 20060817160811
|
| LOK |
|
|
|0 008 060817||||||||||||||||ger|||||||
|
| LOK |
|
|
|0 040
|a DE-21-43
|c DE-627
|d DE-21-43
|
| LOK |
|
|
|0 852
|a DE-21-43
|
| LOK |
|
|
|0 852 1
|m p
|9 00
|
| LOK |
|
|
|0 935
|a k043
|a j043
|a kneu
|
| LOK |
|
|
|0 938
|k p
|
| LOK |
|
|
|0 939
|a 17-08-06
|b l01
|
| LOK |
|
|
|0 000 xxxxxcx a22 zn 4500
|
| LOK |
|
|
|0 001 2536984249
|
| LOK |
|
|
|0 003 DE-627
|
| LOK |
|
|
|0 004 108272193X
|
| LOK |
|
|
|0 005 20070629171018
|
| LOK |
|
|
|0 008 070629||||||||||||||||ger|||||||
|
| LOK |
|
|
|0 040
|a DE-21-46
|c DE-627
|d DE-21-46
|
| LOK |
|
|
|0 852
|a DE-21-46
|
| LOK |
|
|
|0 852 1
|m p
|9 00
|
| LOK |
|
|
|0 935
|a k046
|a i046
|a kneu
|
| LOK |
|
|
|0 938
|k p
|
| LOK |
|
|
|0 939
|a 29-06-07
|b l01
|
| LOK |
|
|
|0 000 xxxxxcx a22 zn 4500
|
| LOK |
|
|
|0 001 2803488612
|
| LOK |
|
|
|0 003 DE-627
|
| LOK |
|
|
|0 004 108272193X
|
| LOK |
|
|
|0 005 20140624143212
|
| LOK |
|
|
|0 008 140624||||||||||||||||ger|||||||
|
| LOK |
|
|
|0 040
|a DE-21-110
|c DE-627
|d DE-21-110
|
| LOK |
|
|
|0 852
|z Kein Bestand am IfK; Nachweis für KrimDok
|
| LOK |
|
|
|0 852
|a DE-21-110
|
| LOK |
|
|
|0 852 1
|m v
|9 00
|
| LOK |
|
|
|0 935
|a k110
|
| LOK |
|
|
|0 938
|k v
|
| LOK |
|
|
|0 939
|a 24-06-14
|b l01
|
| LOK |
|
|
|0 000 xxxxxcx a22 zn 4500
|
| LOK |
|
|
|0 001 2096623707
|
| LOK |
|
|
|0 003 DE-627
|
| LOK |
|
|
|0 004 108272193X
|
| LOK |
|
|
|0 005 19930720000000
|
| LOK |
|
|
|0 008 930720||||||||||||||||ger|||||||
|
| LOK |
|
|
|0 040
|a DE-Frei85
|c DE-627
|d DE-Frei85
|
| LOK |
|
|
|0 852
|a DE-Frei85
|
| LOK |
|
|
|0 852 1
|m p
|9 00
|
| LOK |
|
|
|0 938
|k p
|
| LOK |
|
|
|0 939
|a 20-07-93
|b l01
|
| ORI |
|
|
|a WA-MARC-krimdokb001.raw
|
| SIG |
|
|
|a UB: 27 A 14248
|
| SPR |
|
|
|a 1
|t KRI
|